| 000 | 00000nam##2200000za#4500 |
| 001 | 9.572275 |
| 003 | CaOODSP |
| 005 | 20210624183134 |
| 007 | cr ||||||||||| |
| 008 | 150406|2000||||xxc|||||o f|0| 0 eng|d |
| 040 | |aCaOODSP|beng |
| 043 | |an-cn--- |
| 086 | 1 |aNH18-22/100-109E-PDF |
| 110 | 2 |aCanada Mortgage and Housing Corporation. |
| 245 | 10|aSummary report for consortium on fire resistance and sound insulation of floors : |h[electronic resource]|bsound transmission class and impact insulation class results |
| 260 | |aOttawa - Ontario : |bCanada Mortgage and Housing Corporation |c[2000]. |
| 300 | |a24p.|bfigs., tables |
| 490 | 1 |aResearch highlight. Technical series|v00-109 |
| 590 | |a11-29-Supp|b2011-11-25 |
| 690 | 07|aHousing|2gcpds |
| 690 | 07|aInsulation|2gcpds |
| 775 | 08|tRésumé à l'intention du Consortium sur la résistance au feu et l'insonorisation des planchers : |w(CaOODSP)9.607721 |
| 776 | 0#|tSummary report for consortium on fire resistance and sound insulation of floors : |w(CaOODSP)9.615762 |
| 830 | #0|aResearch highlight. Technical series ;|v00-109|w(CaOODSP)9.504482 |
| 856 | 40|ahttp://publications.gc.ca|qPDF|s304 KB|uhttps://publications.gc.ca/collections/Collection/NH18-22-100-109E.pdf|y00-109 |